Pays participants à la Coalition des volontaires - Statistiques

Statistiques générales
  • Ce quiz a été pris 10 fois
    9 depuis la dernière actualisation
  • Le résultat moyen est 16 sur 31
Statistiques - réponses
Réponse Continent % Correct
France Europe
89%
Allemagne Europe
78%
Australie Océanie
78%
Belgique Europe
78%
Espagne Europe
78%
Canada Amériques
67%
Pays-Bas Europe
67%
Pologne Europe
67%
Suède Europe
67%
Turquie Europe
67%
Danemark Europe
56%
Finlande Europe
56%
Italie Europe
56%
Norvège Europe
56%
Portugal Europe
56%
Royaume-Uni Europe
56%
Ukraine Europe
56%
Bulgarie Europe
44%
Irlande Europe
44%
Luxembourg Europe
44%
OTAN /
44%
Roumanie Europe
44%
Tchéquie Europe
44%
Union européenne /
44%
Croatie Europe
33%
Estonie Europe
33%
Slovénie Europe
33%
Chypre Asie/Europe
22%
Islande Europe
22%
Lettonie Europe
22%
Lituanie Europe
22%
Aucun quiz correspondant
Distribution des résultats
% des personnes avec chaque résultat
Percentile par nombre de réponses
Votre historique - résultats
Vous n’avez pas pris ce quiz depuis la dernière actualisation